MDQL
is popping MORE tags! Check the
thread
!
Quizzes
Events
Quiz Creation
Community
Videos
Private Events
Remove Ads
Sign In
Join for FREE
Feedback
Dark Mode
Quiz Categories
Sports
Geography
Music
Movies
Television
Just For Fun
Miscellaneous
History
Literature
Language
Science
Gaming
Entertainment
Religion
Holiday
For Kids
Quiz Lab
Recent
Popular Today
Quiz Kudos Today
Editor Picks
Curator Picks
Quizzes by...
Day
Popularity
Type
Ratings
Length
Year
Community
Subscriptions
Recent Discussions
Orange Saloon
Badges
Playlists
Quests
Create
Leaderboards
Showdown
Live 5
Trivia Bingo
Activity
Puzzle Library
Sporcle Events
Private Events
Virtual Trivia
Globe League
Become a Host
Pub Owners
SporcleCon
Opinionation
Our Games
Videos
Blog
Mobile Apps
Partnerships
Remove Ads and Go Orange
Feedback
Television
TV Characters
TV Show
Sitcom
Network
Friends
Reality Shows
Cast
South Park
Star Trek
The Simpsons
Doctor Who
Television
TV Characters
TV Show
Sitcom
Network
Friends
Reality Shows
Cast
South Park
Star Trek
The Simpsons
Doctor Who
Random Quiz
Search Sporcle
×
Quiz Lab
Quiz Lab
Television
Church
Type in answers that appear in a list
Type in answers that appear in a list
Classic
Best Score? Go Orange.
Characters who moved on in LOST finale Stats
Can you name the characters who 'moved on' in the church in LOST finale?
By
SuperJar
5m
21 Questions
171 Plays
171 Plays
171 Plays
Comments
Comments
Give Quiz Kudos
Give Quiz Kudos
-
- Ratings
hide this ad
More Info
Replay
Link that replays current quiz
Next Quiz
Link to next quiz in quiz playlist
You Got
0%
They Got
Avg Score
84%
Avg Friend Score
Upgrade to see
Score Distribution
Jump to the score distribution portion of the page
Score
0/21
Timer
05:00
0
Plays Today
Character
% Correct
Jack Shephard
98.8%
Kate Austen
98.2%
James Ford
94.7%
Hugo Reyes
93%
John Locke
92.4%
Sayid Jarrah
91.2%
Charlie Pace
91.2%
Claire Littleton
90.1%
Jin Kwon
88.3%
Sun Paik
87.7%
Juliet Carlson
86.5%
Character
% Correct
Shannon Rutherford
86%
Desmond Hume
84.8%
Boone Carlyle
84.8%
Penelope Milton
81.9%
Rose Nadler
77.2%
Bernard Nadler
76.6%
Elizabeth 'Libby' Smith
76.6%
Christian Shephard
73.1%
Aaron Littleton
73.1%
Ji Yeon Kwon
38%
Quiz Playlist
Details
Report
Send in Message
Add To Playlist
More Info:
Includes characters who were in the womb of a character who "moved on"
Classic:
Type in answers that appear in a list
Quiz Source
Last Updated: Feb 16, 2017
Quiz Scoreboard
CHALLENGE
Sign Up to Join the Scoreboard
Show All
Scores
Hide
Comments
May contain spoilers
Recently Published
Colored Red Africa Blitz
by spor1
Geography
30s
Find the 'City' Movie
by crazypaving
Movies
60s
5x2 Blitz: Bands
by SL_Kpop136
Music
30s
More to Explore
Quiz From the Vault
Featured Blog Post
14 Easter Pick-up Lines to Find Eggs With
hide this ad
You Might Also Like...
Tags
Church Quiz
Character
finale
Lost (ABC)
Moved
Today's Top Quizzes in Television
Browse Television
hide this ad
Today's Top Quizzes in Church
Browse Church
Top Contributed Quizzes in Television
1
Survivor Journey Challenge
2
Survivor Logic Puzzle: Heroes vs. Villains
3
One Tree Hill Logic Puzzle
4
Phoebe Buffay Quotes
5
Game of Thrones: Tywin Lannister Start to Finish
6
Brooklyn Nine Nine Logic Puzzle (How-To-Play)
7
A Series of Unfortunate Events: Netflix Character Chain
8
All US Survivor Seasons in Order
9
Survivor: Criteria Castaways
10
A Series of Unfortunate Events: S3 Character Chain
Explore More
Trending Topics
NBA
Kpop
Crossword
Harry Potter
Marvel
Anime
Disney
Soccer
WWE
The Office
Song
Pokémon
NFL
Puzzle
Country
hide this ad
More By:
SuperJar
Quiz
Plays
Rating
Category
Featured
Created
Coronation Street tram crash characters
9,345
4.75
Television
Dec 9, 2010
LOST deaths (Clickable)
7,929
3.82
Television
Mar 31, 2012
Participants in the Battle of Hogwarts
5,686
4.16
Literature
Oct 26, 2009
Buffy deaths (Clickable)
4,269
4.50
Television
Apr 2, 2012
Characters in both Buffy and Angel (Clickable)
3,622
4.71
Television
Apr 2, 2012
Go to Creator's Profile
Score Distribution
Quiz Creator Spotlight
SuperJar
Follow
Send a Message
Quizzes Created
-
Created Quiz Play Count
-
More By This Creator
Popular Quizzes Today
1
5x2 Blitz: Bands
2
Find the 'City' Movie
3
Find the US States - No Outlines Minefield
4
Colored Red Africa Blitz
5
The Countries of the World
6
Find the US States
7
9x9 Crossword: Cartoon Network
8
Risky Map Clicking: Biggest States A-Z
More Television Quizzes
Follow That Line: The Office
Published
Trending Quizzes
Colored Red Africa Blitz II
Colored Red Europe Blitz I
Find the 'Dark' Movie
Find the 'Day' Movie
Find the 'Good' Movie
Recently Updated
Champions League XIs: Real Madrid
pecheneg
Largest US Cities 1790-2010
pecheneg
Rides in Walt Disney World
pecheneg
Most Oscar Losses (Acting)
pecheneg
Beyoncé Albums
pecheneg
Leaping Animals
pecheneg
Reality TV Shows (A-Z)
bhenderson79
Rickey Henderson's Hall of Fame Teammates
pecheneg
Champions League XIs: Arsenal
pecheneg
Quick Pick: Celebrities in WWE's Hall of Fame
aduchscher
Trending Topics
Disney
Marvel
Harry Potter
Kpop
Anime
Crossword
NBA
NFL
Country
Pokémon
Song
The Office
Puzzle
WWE
Soccer
Your Account Isn't Verified!
In order to create a playlist on Sporcle, you need to verify the email address you used during registration. Go to your
Sporcle Settings
to finish the process.
Report this User
Report this user for behavior that violates our
Community Guidelines
.
Details:
Send Report
Go to the Sporcle.com Mobile Site →
Comments